<?xml version="1.0" encoding="UTF-8"?>
<record
    xmlns:xsi="http://www.w3.org/2001/XMLSchema-instance"
    xsi:schemaLocation="http://www.loc.gov/MARC21/slim http://www.loc.gov/standards/marcxml/schema/MARC21slim.xsd"
    xmlns="http://www.loc.gov/MARC21/slim">

  <leader>02907cam a22003255a 4500</leader>
  <datafield tag="999" ind1=" " ind2=" ">
    <subfield code="c">232873</subfield>
    <subfield code="d">232873</subfield>
  </datafield>
  <controlfield tag="001">15742666</controlfield>
  <controlfield tag="003">NUST</controlfield>
  <controlfield tag="005">20170224110811.0</controlfield>
  <controlfield tag="008">090518s2008    enka     b    001 0 eng d</controlfield>
  <datafield tag="020" ind1=" " ind2=" ">
    <subfield code="a">9781847209740</subfield>
  </datafield>
  <datafield tag="020" ind1=" " ind2=" ">
    <subfield code="a">1847209742</subfield>
  </datafield>
  <datafield tag="035" ind1=" " ind2=" ">
    <subfield code="a">(OCoLC)ocn212836647</subfield>
  </datafield>
  <datafield tag="040" ind1=" " ind2=" ">
    <subfield code="a">BTCTA</subfield>
    <subfield code="c">BTCTA</subfield>
    <subfield code="d">YDXCP</subfield>
    <subfield code="d">BAKER</subfield>
    <subfield code="d">EGM</subfield>
    <subfield code="d">DLC</subfield>
  </datafield>
  <datafield tag="042" ind1=" " ind2=" ">
    <subfield code="a">lccopycat</subfield>
  </datafield>
  <datafield tag="082" ind1=" " ind2=" ">
    <subfield code="a">363.325</subfield>
  </datafield>
  <datafield tag="100" ind1="1" ind2=" ">
    <subfield code="a">Richardson, Harry W.,</subfield>
    <subfield code="d">1938-</subfield>
  </datafield>
  <datafield tag="245" ind1="1" ind2="4">
    <subfield code="a">The economic costs and consequences of terrorism /</subfield>
    <subfield code="c">Harry W. Richardson, Peter Gordon, James E. Moore II.</subfield>
  </datafield>
  <datafield tag="260" ind1=" " ind2=" ">
    <subfield code="a">Cheltenham, UK ;</subfield>
    <subfield code="a">Northampton, MA :</subfield>
    <subfield code="b">Edward Elgar Pub.,</subfield>
    <subfield code="c">2008.</subfield>
  </datafield>
  <datafield tag="300" ind1=" " ind2=" ">
    <subfield code="a">ix, 350 p. :</subfield>
    <subfield code="b">ill. ;</subfield>
    <subfield code="c">24 cm.</subfield>
  </datafield>
  <datafield tag="504" ind1=" " ind2=" ">
    <subfield code="a">Includes bibliographical references and index.</subfield>
  </datafield>
  <datafield tag="505" ind1="0" ind2=" ">
    <subfield code="a">Terrorism : considering new policies / Bruno S. Frey and Simon Luechinger -- An empirical analysis of the Terrorism Risk Insurance Act (TRIA) / Howard Kunreuther and Erwann Michel-Kerjan -- Airport security : time for a new model / Robert W. Poole, Jr. -- Cost-effective strategies to address urban terrorism : a risk management approach / Richard G. Little -- Optimal inspection strategies for Coast Guard operations / Niyazi Onur Bakir -- Balancing freedom and security after 9/11 : risk management at National Park Service / Larry Parkinson -- The national economic impacts of a food terrorism event : initial estimates of indirect costs / Thomas F. Stinson -- The economic cost of disasters : permanent or ephemeral? / Matthew P. Drennan -- Analyzing catastrophic terrorist events with applications to the food industry / Hamid Mohtadi and Antu Panini Murshid -- Simulating the state-by-state effects of terrorist attacks on three major US ports : applying NIEMO (National Interstate Economic Model) / Jiyoung Park... [et al.] -- Tourism and terrorism : the national and interregional economic impacts of attacks on major US theme parks / Harry W. Richardson... [et al.] -- Worst case electricity scenarios : the benefits and costs of prevention / Lester B. Lave, Jay Apt and Granger Morgan -- Risk and economic costs of a terrorist attack on the electric system / Rae Zimmerman... [et al.] -- Regional economic impacts of a terrorist attack on the water system of Los Angeles : a computable general disequilibrium analysis / Adam Rose, Gbadebo Oladosu and Shu-Yi Liao -- Two-sided electricity markets : self-healing systems / Richard E. Schuler.</subfield>
  </datafield>
  <datafield tag="650" ind1=" " ind2="0">
    <subfield code="a">Terrorism</subfield>
    <subfield code="x">Economic aspects</subfield>
    <subfield code="z">United States.</subfield>
  </datafield>
  <datafield tag="650" ind1=" " ind2="0">
    <subfield code="a">Infrastructure (Economics)</subfield>
    <subfield code="z">United States.</subfield>
  </datafield>
  <datafield tag="650" ind1=" " ind2="0">
    <subfield code="a">Electric utilities</subfield>
    <subfield code="z">United States.</subfield>
  </datafield>
  <datafield tag="650" ind1=" " ind2="0">
    <subfield code="a">Transportation</subfield>
    <subfield code="x">Effect of terrorism on</subfield>
    <subfield code="z">United States.</subfield>
  </datafield>
  <datafield tag="650" ind1=" " ind2="0">
    <subfield code="a">Terrorism</subfield>
    <subfield code="z">United States</subfield>
    <subfield code="x">Prevention.</subfield>
  </datafield>
  <datafield tag="700" ind1="1" ind2=" ">
    <subfield code="a">Gordon, Peter,</subfield>
    <subfield code="d">1943-</subfield>
  </datafield>
  <datafield tag="700" ind1="1" ind2=" ">
    <subfield code="a">Moore, James Elliott.</subfield>
  </datafield>
  <datafield tag="906" ind1=" " ind2=" ">
    <subfield code="a">0</subfield>
    <subfield code="b">ibc</subfield>
    <subfield code="c">copycat</subfield>
    <subfield code="d">1</subfield>
    <subfield code="e">ncip</subfield>
    <subfield code="f">20</subfield>
    <subfield code="g">y-gencatlg</subfield>
  </datafield>
  <datafield tag="942" ind1=" " ind2=" ">
    <subfield code="2">ddc</subfield>
    <subfield code="c">BK</subfield>
  </datafield>
  <datafield tag="952" ind1=" " ind2=" ">
    <subfield code="0">0</subfield>
    <subfield code="1">0</subfield>
    <subfield code="2">ddc</subfield>
    <subfield code="4">0</subfield>
    <subfield code="7">0</subfield>
    <subfield code="8">NFIC</subfield>
    <subfield code="a">CL</subfield>
    <subfield code="b">CL</subfield>
    <subfield code="c">GEN</subfield>
    <subfield code="d">2017-02-24</subfield>
    <subfield code="l">1</subfield>
    <subfield code="o">363.325 ECO</subfield>
    <subfield code="p">S3H-S-340</subfield>
    <subfield code="r">2018-01-03</subfield>
    <subfield code="s">2018-01-02</subfield>
    <subfield code="w">2017-02-24</subfield>
    <subfield code="y">BK</subfield>
  </datafield>
</record>
